000
00258nam a22001217a 4500
040
_c
SY
082
_a
633
100
_a
KUY HOUT
245
_a
Forage crops, ដំណាំចំណីសត្វ
260
_a
RUA
_b
KUY
_c
1997
300
_a
50p.
942
_c
KB
999
_c
9768
_d
9768